00609nam a2200169Ia 4500008004100000100002200041245008400063245008300147260003900230260000900269300002600278440005600304650002100360650002900381650001900410650001000429170510s9999 xx 000 0 und d aDitlmann, Ruth K. 4aThe implicit power motive in intergroup dialogues about the history of slavery. cDitlmann, Ruth K.; Purdie-Vaughns, Valerie; Dovidio, John F.; Naft, Michael J. bAmerican Psychological Association c2017 apages 116-135,January aJournal of Personality and Social Psychologyv112:1 aImplicit motives aInterracial interactions aPast injustice aPower